Name The Celebrity from their Birth Name (Musicians) - Statistics

General Stats
  • This quiz has been taken 59 times
  • The average score is 6 of 15
Answer Stats
Birth Name Birth Year Answer % Correct
Marshall Bruce Mathers III 1972 Eminem
84%
Katheryn Elizabeth Hudson 1984 Katy Perry
56%
Alecia Beth Moore 1979 P!NK
47%
Peter Gene Hernandez 1985 Bruno Mars
45%
Aubrey Graham 1986 Drake
44%
Calvin Cordozar Broadus Jr. 1971 Snoop Dogg
44%
Austin Richard Post 1995 Post Malone
36%
Amethyst Amelia Kelly 1990 Iggy Azalea
35%
Abel Makkonen Tesfaye 1990 The Weeknd
35%
Belcalis Marlenis Almánzar 1992 Cardi B
31%
Eilleen Regina Edwards 1965 Shania Twain
27%
Ella Marija Lani Yelich-O'Connor 1996 Lorde
25%
Ashley Nicolette Frangipane 1994 Halsey
20%
John Roger Stephens 1978 John Legend
13%
Sir Robert Bryson Hall II 1990 Logic
9%
No matching quizzes found
Score Distribution
Percent of People with Each Score
Percentile by Number Answered
Your Score History
You have not taken this quiz